| 000 | 00000nam##2200000za#4500 |
| 001 | 9.529511 |
| 003 | CaOODSP |
| 005 | 20200331225735 |
| 007 | ta |
| 008 | 150406|1997||||xxc||||| f|0| 0 fre|d |
| 020 | |a0-660-60307-1 |
| 040 | |aCaOODSP|bfre |
| 041 | |aeng |
| 041 | |afre |
| 043 | |an-cn--- |
| 086 | 1 |aBT31-4/21-1997 |
| 110 | 1 |aCanada. |bConseil du trésor. |
| 245 | 10|aCentre canadien de gestion |
| 260 | |aOttawa - Ontario : |bSecrétariat du Conseil du Trésor du Canada |c1997. |
| 300 | |aTexte français, 28p. : |btableaux ; |c28 cm. |
| 490 | 1 |aRapport sur le rendement pour la période se terminant le 31 mars 1997 |
| 546 | |aBilingue |
| 563 | |aCouverture souple |
| 590 | |a97-46|b1997-11-14 |
| 776 | 0#|tCanadian Centre for Management Development, performance report for the period ending March 31, 1997 |w(CaOODSP)9.568552 |
| 776 | 0#|tCentre canadien de gestion, rapport sur le rendement pour la période se terminant le 31 mars 1997 |w(CaOODSP)9.599826 |
| 791 | |tCanadian Centre for Management Development|eeng|w(CaOODSP)9.529510 |
| 830 | #0|aRapport sur le rendement pour la période se terminant le 31 mars 1997.|w(CaOODSP)9.508973 |